|
|
|
|
| LEADER |
01216cam a2200337Ia 4500 |
| 001 |
9780203418406 |
| 003 |
FlBoTFG |
| 005 |
20091230162920.0 |
| 006 |
a|||||s||||||||||| |
| 007 |
cr|||| |
| 008 |
930505s1994 enk sb 001 0 eng d |
| 020 |
|
|
|a 9780203418406 (e-book : PDF)
|
| 040 |
|
|
|a FlBoTFG
|c FlBoTFG
|d GrThAP
|
| 043 |
|
|
|a e-gr---
|
| 090 |
|
|
|a PA3074
|b .P47 1994
|
| 092 |
|
|
|a 808.00938
|b P467
|
| 245 |
0 |
0 |
|a Persuasion
|h [electronic resource] :
|b Greek rhetoric in action /
|c edited by Ian Worthington.
|
| 260 |
|
|
|a London ;
|a New York :
|b Routledge,
|c 1994.
|
| 300 |
|
|
|a x, 273 p.
|
| 504 |
|
|
|a Includes bibliographical references (p. 264-272) and index.
|
| 530 |
|
|
|a Also available in print edition.
|b CRC Press (http://www.crcpress.com)
|
| 538 |
|
|
|a Mode of access: World Wide Web.
|
| 650 |
|
0 |
|a Greek literature
|x History and criticism
|x Theory, etc.
|
| 650 |
|
0 |
|a Literary form
|x History
|y To 1500.
|
| 650 |
|
0 |
|a Persuasion (Rhetoric)
|x History
|y To 1500.
|
| 650 |
|
0 |
|a Rhetoric, Ancient.
|
| 650 |
|
0 |
|a Oratory, Ancient.
|
| 655 |
|
7 |
|a Electronic books.
|2 lcsh
|
| 700 |
1 |
|
|a Worthington, Ian.
|
| 776 |
1 |
|
|z 9780415081382
|
| 856 |
4 |
0 |
|u http://www.tandfebooks.com/isbn/9780203418406
|z Full Text via HEAL-Link
|